[Event "EU-ch Blitz"]
[Site "Skopje"]
[Date "2024.12.09"]
[Round "5"]
[White "Bernadskiy, Vitaliy"]
[Black "Dragicevic, Drazen"]
[Result "1-0"]
[WhiteElo "2546"]
[BlackElo "2332"]
[PlyCount "54"]
[EventDate "2024.12.09"]
[EventType "swiss (blitz)"]
[EventRounds "13"]
[EventCountry "MKD"]
[SourceTitle "CB50_2024"]
[SourceDate "2024.11.01"]
[SourceVersion "1"]
[SourceVersionDate "2024.11.01"]
[SourceQuality "2"]

1. e4 e5 2. Nf3 Nf6 3. Nc3 Nc6 4. Bb5 d6 5. d4 exd4 6. Nxd4 Bd7 7. 0-0 Nxd4 8. Qxd4 Bxb5 9. Nxb5 a6 10. Nc3 Be7 11. Bg5 0-0 12. Rfe1 h6 13. Bh4 Nd7 14. Bxe7 Qxe7 15. Nd5 Qe5 16. Rad1 Qxd4 17. Rxd4 Nf6 18. Nxf6+ gxf6 19. Re3 Rfe8 20. Kf1 Re5 21. Rc3 Re7 22. g4 b5 23. f3 Kf8 24. Rd5 Ra7 25. Kf2 Re5 26. Ke3 Ke7 27. Kf4 Rxd5 1-0

[Event "EU-ch Rapid"]
[Site "Skopje"]
[Date "2024.12.08"]
[Round "8"]
[White "Dragicevic, Drazen"]
[Black "Schneider, Ilja"]
[Result "0-1"]
[WhiteElo "2332"]
[BlackElo "2414"]
[PlyCount "86"]
[EventDate "2024.12.07"]
[EventType "swiss (rapid)"]
[EventRounds "11"]
[EventCountry "MKD"]
[SourceTitle "CB50_2024"]
[SourceDate "2024.11.01"]
[SourceVersion "1"]
[SourceVersionDate "2024.11.01"]
[SourceQuality "2"]

1. Nf3 Nf6 2. g3 b5 3. Na3 a6 4. c4 b4 5. Nc2 c5 6. a3 bxa3 7. Rxa3 Nc6 8. Bg2 Rb8 9. d4 cxd4 10. Ncxd4 Nxd4 11. Qxd4 e6 12. c5 Rb5 13. Rc3 Nd5 14. Rc4 Qc7 15. c6 dxc6 16. 0-0 c5 17. Qd3 Be7 18. Rg4 0-0 19. e4 c4 20. Qd4 e5 21. Rxg7+ Kxg7 22. Nxe5 Bf6 23. f4 Ne7 24. Kh1 Ng6 25. Qe3 Rb3 26. Qe2 Nxe5 27. fxe5 Qxe5 28. Bf4 Qxb2 29. Qh5 Rb5 30. e5 Rxe5 31. Qh6+ Kg8 32. Qxf6 Re2 33. Qg5+ Kh8 34. Bf3 Re6 35. Qc5 Rfe8 36. Bc1 Qb5 37. Qd4+ Qe5 38. Qxc4 Kg8 39. Qb3 Qb5 40. Qd1 Qxf1+ 41. Qxf1 Re1 42. Kg2 Bh3+ 43. Kxh3 Rxf1 0-1

[Event "EU-ch Rapid"]
[Site "Skopje"]
[Date "2024.12.08"]
[Round "7"]
[White "Stojanovski, Dejan"]
[Black "Dragicevic, Drazen"]
[Result "1/2-1/2"]
[WhiteElo "2407"]
[BlackElo "2332"]
[PlyCount "109"]
[EventDate "2024.12.07"]
[EventType "swiss (rapid)"]
[EventRounds "11"]
[EventCountry "MKD"]
[SourceTitle "CB50_2024"]
[SourceDate "2024.11.01"]
[SourceVersion "1"]
[SourceVersionDate "2024.11.01"]
[SourceQuality "2"]

1. e4 e5 2. Nf3 Nf6 3. Nxe5 d6 4. Nf3 Nxe4 5. Qe2 Qe7 6. d3 Nf6 7. Nc3 Qxe2+ 8. Bxe2 c6 9. 0-0 Be7 10. Nd4 0-0 11. Bf3 Rd8 12. Re1 Bf8 13. h3 h6 14. Bf4 g5 15. Bg3 Bg7 16. Rad1 Na6 17. Nb3 Kf8 18. Na5 Ne8 19. a3 f5 20. Nxc6 bxc6 21. Bxc6 Bd7 22. Bxa8 Rxa8 23. f3 Rc8 24. d4 Rb8 25. Rb1 Bxd4+ 26. Bf2 Bxf2+ 27. Kxf2 Nc5 28. b4 Ne6 29. Nd5 Rc8 30. Rbc1 Kf7 31. c4 Nf6 32. Red1 Ne8 33. Ne3 f4 34. Nf5 Rc6 35. c5 Nxc5 36. Nxh6+ Kg6 37. bxc5 Kxh6 38. cxd6 Ra6 39. Rc3 Kg6 40. Rd5 Kf6 41. Rcd3 Ng7 42. g4 fxg3+ 43. Kxg3 Nf5+ 44. Kf2 Rc6 45. Ra5 a6 46. Rd2 Nxd6 47. Rad5 Ke7 48. Rxg5 Bxh3 49. Rg7+ Kf6 50. Rh7 Be6 51. Rh6+ Kf7 52. Rh7+ Kf6 53. Rh6+ Kf7 54. Rh7+ Kf6 55. Rh6+ 1/2-1/2

[Event "EU-Cup 39th"]
[Site "Vrnjacka Banja"]
[Date "2024.10.26"]
[Round "7.19"]
[White "Mustaps, Matiss"]
[Black "Dragicevic, Drazen"]
[Result "1/2-1/2"]
[WhiteElo "2377"]
[BlackElo "2316"]
[PlyCount "150"]
[EventDate "2024.10.20"]
[EventType "team-swiss"]
[EventRounds "7"]
[EventCountry "SRB"]
[SourceTitle "CB45_2024"]
[Source "ChessBase"]
[SourceDate "2024.11.06"]
[SourceVersion "1"]
[SourceVersionDate "2024.11.06"]
[SourceQuality "1"]
[WhiteTeam "Wasa"]
[BlackTeam "Lunds"]
[WhiteTeamCountry "SWE"]
[BlackTeamCountry "SWE"]

1. e4 c5 2. Nf3 d6 3. d3 g6 4. g3 Bg7 5. Bg2 Nc6 6. 0-0 e5 7. Nbd2 Nge7 8. c3 0-0 9. a3 d5 10. Re1 d4 11. cxd4 cxd4 12. Nh4 Be6 13. f4 Qd7 14. Ndf3 exf4 15. gxf4 h6 16. Bd2 a5 17. Qe2 Ra6 18. b4 b5 19. bxa5 Nxa5 20. Bb4 Nac6 21. f5 gxf5 22. exf5 Nxb4 23. fxe6 Rxe6 24. Bh3 Rxe2 25. Bxd7 Rxe1+ 26. Rxe1 Nbc6 27. Nf5 Nxf5 28. Bxc6 Rb8 29. Rb1 Bf8 30. a4 b4 31. Ne5 Bd6 32. Nd7 Rc8 33. Nf6+ Kg7 34. Ne8+ Kg6 35. Bd7 Rd8 36. Bxf5+ Kxf5 37. Nxd6+ Rxd6 38. Rxb4 Ke5 39. a5 Ra6 40. Ra4 Kd5 41. Kf2 Kc5 42. Kf3 Kd5 43. Kf4 Rf6+ 44. Kg4 Ra6 45. Kf5 Kc5 46. h4 Kd5 47. h5 Kc5 48. Ra1 Kb4 49. Ke4 Kc5 50. Rc1+ Kd6 51. Rf1 Rxa5 52. Rf6+ Ke7 53. Rxh6 Rg5 54. Rh8 Rg4+ 55. Ke5 Rh4 56. Kf5 Rh3 57. Ke4 Kf6 58. Kxd4 Kg7 59. Ra8 Rxh5 60. Ke4 Rh1 61. d4 Re1+ 62. Kf5 Rf1+ 63. Ke5 Re1+ 64. Kd6 f5 65. d5 Kf6 66. Rf8+ Kg5 67. Kd7 f4 68. d6 Kg4 69. Re8 Rd1 70. Kc7 f3 71. d7 f2 72. Rf8 Kg3 73. d8Q Rxd8 74. Kxd8 Kg2 75. Rxf2+ Kxf2 1/2-1/2

[Event "EU-Cup 39th"]
[Site "Vrnjacka Banja"]
[Date "2024.10.25"]
[Round "6.3"]
[White "Dragicevic, Drazen"]
[Black "Galopoulos, Nikolaos"]
[Result "0-1"]
[WhiteElo "2316"]
[BlackElo "2399"]
[PlyCount "110"]
[EventDate "2024.10.20"]
[EventType "team-swiss"]
[EventRounds "7"]
[EventCountry "SRB"]
[SourceTitle "CB44_2024"]
[Source "Chessbase"]
[SourceDate "2024.10.30"]
[SourceVersion "1"]
[SourceVersionDate "2024.10.30"]
[SourceQuality "1"]
[WhiteTeam "Lunds"]
[BlackTeam "Kavala"]
[WhiteTeamCountry "SWE"]
[BlackTeamCountry "GRE"]

1. Nf3 d5 2. e3 Nf6 3. c4 e6 4. Nc3 c5 5. d4 Nc6 6. cxd5 exd5 7. Be2 c4 8. Ne5 Be6 9. 0-0 Bb4 10. Nxc6 bxc6 11. Bd2 0-0 12. Qa4 a5 13. Rfc1 Nd7 14. a3 Bd6 15. Qxc6 Qb8 16. g3 a4 17. Nb5 Bxg3 18. hxg3 Rc8 19. Qd6 Qxb5 20. Bb4 Nf6 21. Qf4 Re8 22. Kg2 Qd7 23. Rh1 Ra6 24. Rae1 h6 25. Kg1 Bf5 26. Qh4 Ng4 27. Bd1 Rf6 28. Bxg4 Bxg4 29. f4 Qf5 30. Qh2 Bf3 31. Qh3 Qd3 32. Kf2 Bxh1 33. Qxh1 Rfe6 34. Qf3 Qf5 35. g4 Qf6 36. Bd2 Qh4+ 37. Qg3 Qxg3+ 38. Kxg3 f6 39. Kf3 Kf7 40. Rh1 Rh8 41. Rh5 Rd6 42. Bb4 g6 43. Rh2 Rdd8 44. f5 h5 45. gxh5 Rxh5 46. fxg6+ Kxg6 47. Rg2+ Kf7 48. Be1 Rh3+ 49. Ke2 Re8 50. Bd2 Rb8 51. Bc3 Rbh8 52. Rg1 Rh1 53. Rg3 R8h2+ 54. Kf3 Rf1+ 55. Kg4 Kg6 0-1

[Event "Rilton Cup 51st"]
[Site "Stockholm"]
[Date "2023.12.29"]
[Round "3"]
[White "Dragicevic, Drazen"]
[Black "Oratovsky, Michael"]
[Result "1/2-1/2"]
[WhiteElo "2322"]
[BlackElo "2421"]
[PlyCount "70"]
[EventDate "2023.12.27"]
[EventType "swiss"]
[EventRounds "9"]
[EventCountry "SWE"]
[SourceTitle "CBM 218 Extra"]
[Source "ChessBase"]
[SourceDate "2024.03.31"]
[SourceVersion "1"]
[SourceVersionDate "2024.03.31"]
[SourceQuality "1"]

1. Nf3 d6 2. d4 Nf6 3. b3 g6 4. g3 Bg7 5. Bg2 0-0 6. 0-0 e5 7. dxe5 dxe5 8. Ba3 Qxd1 9. Rxd1 Re8 10. Nc3 e4 11. Nd4 a6 12. e3 b6 13. h3 h5 14. Rac1 Nbd7 15. Na4 Ne5 16. c4 Rb8 17. Nc3 c5 18. Nde2 Bf5 19. Nf4 g5 20. Nfd5 Nd3 21. Nxf6+ Bxf6 22. Nd5 Bg7 23. Rc2 Bg6 24. Bf1 Rb7 25. f4 gxf4 26. gxf4 Rd8 27. Rg2 Kh7 28. Rg5 f6 29. Rg2 b5 30. Bxd3 exd3 31. Bxc5 Be4 32. Rgd2 bxc4 33. bxc4 f5 34. Bd4 Bxd4 35. exd4 Kh6 1/2-1/2

[Event "Rilton Cup 51st"]
[Site "Stockholm"]
[Date "2023.12.28"]
[Round "2"]
[White "Dragicevic, Drazen"]
[Black "Jarmula, Lukasz"]
[Result "1/2-1/2"]
[WhiteElo "2322"]
[BlackElo "2425"]
[PlyCount "85"]
[EventDate "2023.12.27"]
[EventType "swiss"]
[EventRounds "9"]
[EventCountry "SWE"]
[SourceTitle "CBM 218 Extra"]
[Source "ChessBase"]
[SourceDate "2024.03.31"]
[SourceVersion "1"]
[SourceVersionDate "2024.03.31"]
[SourceQuality "1"]

1. Nf3 b6 2. b3 Bb7 3. Bb2 Nf6 4. e3 g6 5. c4 Bg7 6. Nc3 c5 7. Nd5 0-0 8. Nxf6+ Bxf6 9. Bxf6 exf6 10. d4 cxd4 11. Qxd4 Qe7 12. Rd1 Rd8 13. Qd6 Kf8 14. Be2 Qxd6 15. Rxd6 Ke7 16. Rd2 d5 17. 0-0 dxc4 18. Rxd8 Kxd8 19. Bxc4 Ke7 20. Rd1 a6 21. Nd4 Nd7 22. f3 f5 23. Kf2 b5 24. Be2 Rc8 25. Ke1 Nb6 26. Kd2 Nd5 27. g3 Kf6 28. Bd3 Nb4 29. a3 Nd5 30. Re1 Kg7 31. Ra1 Rc7 32. a4 b4 33. a5 Re7 34. Nc2 Rd7 35. Nd4 f4 36. gxf4 Nxf4 37. exf4 Rxd4 38. Ke3 Rd5 39. Ra4 Bc8 40. Bc4 Rh5 41. Rxb4 Rxa5 42. Rb6 Rc5 43. Bxa6 1/2-1/2

[Event "Qatar Masters op"]
[Site "Doha"]
[Date "2023.10.18"]
[Round "7"]
[White "Senthil, Maran K"]
[Black "Dragicevic, Drazen"]
[Result "1-0"]
[WhiteElo "2298"]
[BlackElo "2354"]
[PlyCount "159"]
[EventDate "2023.10.11"]
[EventType "swiss"]
[EventRounds "9"]
[EventCountry "QAT"]
[SourceTitle "EXT 2025"]
[Source "ChessBase"]
[SourceDate "2024.10.14"]
[SourceVersion "1"]
[SourceVersionDate "2024.10.14"]
[SourceQuality "1"]

1. d4 d5 2. c4 e6 3. Nf3 Nf6 4. g3 Be7 5. Bg2 0-0 6. Nc3 dxc4 7. Ne5 Nc6 8. Bxc6 bxc6 9. Nxc6 Qd6 10. Nxe7+ Qxe7 11. Qa4 c5 12. dxc5 Qxc5 13. Be3 Qh5 14. f3 Bb7 15. 0-0-0 Rfc8 16. Qb5 Nd5 17. Qxb7 Nxe3 18. Rd2 a6 19. Qe4 Qc5 20. Qd4 Rab8 21. Qxc5 Rxc5 22. Rd4 h5 23. Re4 Nd5 24. Kc2 Nb4+ 25. Kb1 Rc6 26. Rd1 Nd5 27. Nxd5 exd5 28. Rxd5 Rcb6 29. Kc2 Rxb2+ 30. Kc3 Rxa2 31. Rxh5 Ra3+ 32. Kxc4 Ra4+ 33. Kc3 Rxe4 34. fxe4 Rb6 35. Kd4 Kf8 36. Ra5 Ke7 37. h4 Rb3 38. g4 Rg3 39. Rg5 g6 40. h5 gxh5 41. Re5+ Kf6 42. gxh5 Rb3 43. Ra5 Rb6 44. Ke3 Kg7 45. Rg5+ Kh6 46. Rf5 Kg7 47. Rd5 Re6 48. Kf4 Rf6+ 49. Kg4 Rf2 50. e3 Rg2+ 51. Kf4 Rf2+ 52. Ke5 Rh2 53. Kf4 Rf2+ 54. Kg3 Rf6 55. e5 Rb6 56. Rd6 Rb5 57. Kf4 Rb4+ 58. e4 Ra4 59. Kf5 Ra1 60. h6+ Kh7 61. Kf6 Rf1+ 62. Ke7 Rf4 63. Rf6 Rxe4 64. Rxf7+ Kxh6 65. e6 Rb4 66. Rf1 Kg6 67. Kd7 Rd4+ 68. Kc7 Rc4+ 69. Kd6 Rc2 70. e7 Rd2+ 71. Ke6 Re2+ 72. Kd7 Rd2+ 73. Ke8 Kg7 74. Rg1+ Kh6 75. Rg4 Rb2 76. Kf7 Rf2+ 77. Ke6 Re2+ 78. Kf6 Kh7 79. Rg5 Kh6 80. Re5 1-0

[Event "EU-ch Rapid"]
[Site "Katowice"]
[Date "2022.12.18"]
[Round "9"]
[White "Dragicevic, Drazen"]
[Black "Salna, Aleksandras"]
[Result "0-1"]
[WhiteElo "2345"]
[BlackElo "2191"]
[PlyCount "54"]
[EventDate "2022.12.17"]
[EventType "swiss (rapid)"]
[EventRounds "11"]
[EventCountry "POL"]
[SourceTitle "CBM 211 Extra"]
[Source "ChessBase"]
[SourceDate "2023.01.31"]
[SourceVersion "1"]
[SourceVersionDate "2023.01.31"]
[SourceQuality "1"]

1. Nf3 d5 2. g3 Nd7 3. d4 Nb6 4. Bg2 Bf5 5. 0-0 e6 6. a4 a5 7. b3 Nf6 8. Ba3 Bxa3 9. Nxa3 0-0 10. c4 c6 11. Ra2 h6 12. Rb2 Qe7 13. c5 Nbd7 14. b4 axb4 15. Rxb4 b6 16. Qc1 Be4 17. Rxb6 Nxb6 18. cxb6 Rxa4 19. Nb1 Rb4 20. Nc3 Bxf3 21. Bxf3 Rxb6 22. e3 Ra8 23. Bd1 Qa3 24. Qd2 Rb2 25. Qe1 Qb4 26. g4 Ra3 27. Na4 Rxa4 0-1

[Event "EU-ch Blitz"]
[Site "Katowice"]
[Date "2022.12.16"]
[Round "15"]
[White "Dragicevic, Drazen"]
[Black "Drozdowski, Konrad"]
[Result "1-0"]
[WhiteElo "2345"]
[BlackElo "2104"]
[PlyCount "55"]
[EventDate "2022.12.16"]
[EventType "swiss (blitz)"]
[EventRounds "22"]
[EventCountry "POL"]
[SourceTitle "CBM 211 Extra"]
[Source "ChessBase"]
[SourceDate "2023.01.31"]
[SourceVersion "1"]
[SourceVersionDate "2023.01.31"]
[SourceQuality "1"]

1. Nf3 Nf6 2. g3 g6 3. Bg2 Bg7 4. 0-0 0-0 5. d4 d6 6. a4 Nc6 7. a5 e5 8. dxe5 Nxe5 9. Nxe5 dxe5 10. Qxd8 Rxd8 11. a6 c6 12. Na3 Nd5 13. axb7 Bxb7 14. Nc4 f5 15. e4 Nb6 16. Na5 Ba6 17. Re1 Bb5 18. exf5 gxf5 19. Nxc6 Bxc6 20. Bxc6 Rac8 21. Bg5 Rd6 22. Bg2 Rxc2 23. Rxa7 Rxb2 24. Bh3 h6 25. Be7 Rdd2 26. Bc5 Nd7 27. Be3 Re2 28. Rxe2 1-0

[Event "EU-ch Blitz"]
[Site "Katowice"]
[Date "2022.12.16"]
[Round "19"]
[White "Dragicevic, Drazen"]
[Black "Vardanyan, Aras"]
[Result "0-1"]
[WhiteElo "2345"]
[BlackElo "2271"]
[PlyCount "129"]
[EventDate "2022.12.16"]
[EventType "swiss (blitz)"]
[EventRounds "22"]
[EventCountry "POL"]
[SourceTitle "CBM 211 Extra"]
[Source "ChessBase"]
[SourceDate "2023.01.31"]
[SourceVersion "1"]
[SourceVersionDate "2023.01.31"]
[SourceQuality "1"]

1. Nf3 d5 2. g3 Nf6 3. Bg2 e6 4. 0-0 Be7 5. c4 d4 6. e3 Nc6 7. exd4 Nxd4 8. Nxd4 Qxd4 9. d3 0-0 10. Qb3 Rd8 11. Nc3 Qxd3 12. Rd1 Qf5 13. Rxd8+ Bxd8 14. Bf4 c6 15. Rd1 Be7 16. Ne2 e5 17. Bd2 Rb8 18. Be3 b6 19. h3 Be6 20. Qa4 a5 21. Qxc6 Qc2 22. Rd2 Qxc4 23. Qxc4 Bxc4 24. b3 Be6 25. Nc3 Rd8 26. Rc2 Bf5 27. Rc1 Ba3 28. Rd1 Rxd1+ 29. Nxd1 b5 30. Nc3 b4 31. Nb5 Bb1 32. Bb6 Bxa2 33. Bxa5 Bxb3 34. Bc7 Bb2 35. Bd6 Bc4 36. Bf1 Bxb5 37. Bxb5 Nd5 38. Bc4 Nb6 39. Bb3 Bc3 40. Kf1 g6 41. Ke2 Kg7 42. Kd3 f5 43. Bc7 e4+ 44. Kc2 Nd7 45. Bd5 Be5 46. Ba5 Bd6 47. Kb3 Nc5+ 48. Kc4 Nd3 49. Bb6 Kf6 50. Bd4+ Be5 51. Bb6 Bc3 52. Bd8+ Kg7 53. Bb6 h5 54. g4 hxg4 55. hxg4 Ne5+ 56. Kb3 Nxg4 57. f3 exf3 58. Bxf3 Ne5 59. Be2 g5 60. Bc5 g4 61. Bd6 Kf6 62. Bc7 g3 63. Bd8+ Kg6 64. Bc7 f4 65. Bd6 0-1

[Event "EU-ch Blitz"]
[Site "Katowice"]
[Date "2022.12.16"]
[Round "8"]
[White "Golek, Jagoda"]
[Black "Dragicevic, Drazen"]
[Result "1-0"]
[WhiteElo "1986"]
[BlackElo "2345"]
[PlyCount "32"]
[EventDate "2022.12.16"]
[EventType "swiss (blitz)"]
[EventRounds "22"]
[EventCountry "POL"]
[SourceTitle "CBM 211 Extra"]
[Source "ChessBase"]
[SourceDate "2023.01.31"]
[SourceVersion "1"]
[SourceVersionDate "2023.01.31"]
[SourceQuality "1"]

1. e4 c5 2. Nf3 d6 3. c4 Nf6 4. Nc3 e5 5. g3 Be7 6. Bg2 h6 7. 0-0 Be6 8. d3 a6 9. a4 Nc6 10. Be3 Rb8 11. Nd5 0-0 12. b3 b5 13. axb5 axb5 14. Nd2 Ng4 15. h3 Nxe3 16. fxe3 bxc4 1-0

[Event "EU-ch Blitz"]
[Site "Katowice"]
[Date "2022.12.16"]
[Round "4"]
[White "Parol, Pola"]
[Black "Dragicevic, Drazen"]
[Result "1-0"]
[WhiteElo "2041"]
[BlackElo "2345"]
[PlyCount "68"]
[EventDate "2022.12.16"]
[EventType "swiss (blitz)"]
[EventRounds "22"]
[EventCountry "POL"]
[SourceTitle "CBM 211 Extra"]
[Source "ChessBase"]
[SourceDate "2023.01.31"]
[SourceVersion "1"]
[SourceVersionDate "2023.01.31"]
[SourceQuality "1"]

1. e4 c5 2. Nf3 d6 3. d4 cxd4 4. Nxd4 Nf6 5. Nc3 Bd7 6. Nb3 Bc6 7. Bd3 e5 8. Bg5 Nbd7 9. Bc4 Be7 10. f3 0-0 11. Qe2 a6 12. a4 Nxe4 13. Nxe4 Bxg5 14. Nxd6 Bh4+ 15. g3 Be7 16. Nf5 Bf6 17. Rd1 Qc7 18. 0-0 b5 19. axb5 axb5 20. Bd3 Rfe8 21. Be4 Bxe4 22. fxe4 Nc5 23. Qxb5 Nxe4 24. Qd3 Ng5 25. Ne3 Qc6 26. Rf2 Nh3+ 27. Kf1 Nxf2 28. Kxf2 e4 29. Qd5 Qxd5 30. Nxd5 Ra2 31. Nxf6+ gxf6 32. Rb1 Rc8 33. Nd4 Rc4 34. Ke3 Rb4 1-0

[Event "EU-ch Blitz"]
[Site "Katowice"]
[Date "2022.12.16"]
[Round "21"]
[White "Player, Edmund C"]
[Black "Dragicevic, Drazen"]
[Result "0-1"]
[WhiteElo "2198"]
[BlackElo "2345"]
[PlyCount "154"]
[EventDate "2022.12.16"]
[EventType "swiss (blitz)"]
[EventRounds "22"]
[EventCountry "POL"]
[SourceTitle "CBM 211 Extra"]
[Source "ChessBase"]
[SourceDate "2023.01.31"]
[SourceVersion "1"]
[SourceVersionDate "2023.01.31"]
[SourceQuality "1"]

1. e4 c5 2. Nf3 d6 3. d4 cxd4 4. Nxd4 Nf6 5. Nc3 Bd7 6. g3 e5 7. Nde2 Bc6 8. Bg2 Be7 9. Bg5 0-0 10. 0-0 Nbd7 11. Qd2 h6 12. Bxf6 Nxf6 13. Nd5 Nxd5 14. exd5 Bd7 15. c3 b5 16. f4 exf4 17. Nxf4 Bf6 18. Kh1 a5 19. Ne2 Be5 20. Nd4 b4 21. Nc6 Bxc6 22. dxc6 bxc3 23. bxc3 Qb6 24. Rac1 Rab8 25. Bd5 Qc5 26. c4 Rb6 27. Rb1 Rxc6 28. Bxc6 Qxc6+ 29. Qd5 Qxd5+ 30. cxd5 Rc8 31. Rb5 a4 32. Ra5 Rc4 33. Rd1 h5 34. Ra7 h4 35. gxh4 Rxh4 36. Rd2 Rg4 37. Re2 Bd4 38. Ra8+ Kh7 39. h3 Rf4 40. Kg2 Be5 41. Ra7 f6 42. Ra6 Rd4 43. Ra5 Kg6 44. Rb5 a3 45. Rb3 Ra4 46. Kf3 Ra5 47. Rd3 Bb2 48. Re4 Kf7 49. Rc4 Kg6 50. Ke4 Rb5 51. Ra4 f5+ 52. Kf4 Kf6 53. Kf3 g5 54. Rb3 Rxd5 55. Rbxa3 Bxa3 56. Rxa3 Rc5 57. Ra6 Rc3+ 58. Kg2 Ke5 59. a4 Ra3 60. Ra5+ Kf4 61. Rd5 Ra2+ 62. Kf1 Ra3 63. Rxd6 Rxh3 64. a5 Ra3 65. Ke2 Ra2+ 66. Kd3 g4 67. Rd4+ Ke5 68. Rd8 Ra3+ 69. Ke2 Rxa5 70. Re8+ Kf4 71. Rb8 Ra2+ 72. Kf1 Kg5 73. Rb4 f4 74. Kg1 f3 75. Rb8 Kf4 76. Kf1 Ra1+ 77. Kf2 g3# 0-1

[Event "EU-ch Blitz"]
[Site "Katowice"]
[Date "2022.12.16"]
[Round "20"]
[White "Vardanyan, Aras"]
[Black "Dragicevic, Drazen"]
[Result "1/2-1/2"]
[WhiteElo "2271"]
[BlackElo "2345"]
[PlyCount "93"]
[EventDate "2022.12.16"]
[EventType "swiss (blitz)"]
[EventRounds "22"]
[EventCountry "POL"]
[SourceTitle "CBM 211 Extra"]
[Source "ChessBase"]
[SourceDate "2023.01.31"]
[SourceVersion "1"]
[SourceVersionDate "2023.01.31"]
[SourceQuality "1"]

1. c4 Nf6 2. Nc3 d5 3. cxd5 Nxd5 4. Nf3 g6 5. h4 h5 6. e4 Nxc3 7. bxc3 Bg7 8. Bc4 0-0 9. Ng5 c5 10. Ba3 Qa5 11. Qb3 e6 12. d4 Bxd4 13. 0-0 Qxc3 14. Qxc3 Bxc3 15. Bxc5 Bxa1 16. Bxf8 Kxf8 17. Rxa1 b6 18. e5 Bb7 19. Rd1 Ke7 20. f4 Nd7 21. Nxf7 Rc8 22. Nd6 Rc7 23. Bd3 Nf8 24. Nxb7 Rxb7 25. Rc1 Kf7 26. Be4 Re7 27. Rc8 Nd7 28. Rc7 Nf8 29. Rc8 Rd7 30. Bf3 a5 31. Rb8 Rd4 32. g3 Rd3 33. Rb7+ Kg8 34. Kf2 Rd2+ 35. Ke3 Rxa2 36. Rxb6 a4 37. Ra6 a3 38. Ra7 Ra1 39. Be2 Rg1 40. Kf2 Ra1 41. Bc4 Rc1 42. Bb3 Ra1 43. Kg2 Kh8 44. Kf3 Kg8 45. Kg2 Kh8 46. Kf3 Kg8 47. Kg2 1/2-1/2

[Event "SWE-chT 2122 Elite"]
[Site "Sweden"]
[Date "2021.12.05"]
[Round "2.1"]
[White "Heberla, Bartlomiej"]
[Black "Dragicevic, Drazen"]
[Result "1-0"]
[WhiteElo "2562"]
[BlackElo "2365"]
[PlyCount "99"]
[EventDate "2021.12.03"]
[EventType "team-tourn"]
[EventRounds "9"]
[EventCountry "SWE"]
[SourceTitle "EXT 2023"]
[Source "ChessBase"]
[SourceDate "2022.10.05"]
[SourceVersion "1"]
[SourceVersionDate "2022.10.05"]
[SourceQuality "1"]
[WhiteTeam "Eksjo"]
[BlackTeam "Lunds"]
[WhiteTeamCountry "SWE"]
[BlackTeamCountry "SWE"]

1. d4 Nf6 2. c4 b6 3. Nc3 Bb7 4. Nf3 e6 5. a3 d5 6. cxd5 Nxd5 7. Qc2 Be7 8. e4 Nxc3 9. bxc3 0-0 10. Bd3 c5 11. 0-0 Qc7 12. Qe2 Rd8 13. Re1 Nd7 14. Bd2 Rac8 15. g3 e5 16. Bb5 Nf6 17. d5 c4 18. Bg5 h6 19. Bxf6 Bxf6 20. Nd2 Bg5 21. Ba4 Bxd2 22. Qxd2 Qd6 23. Bc2 Qg6 24. a4 Rc5 25. Qe3 Qd6 26. f3 Ra5 27. Reb1 Ba6 28. Kg2 Kf8 29. Rf1 Bb7 30. Rad1 Qc5 31. Qd2 Qd6 32. Rf2 Rc5 33. Qe3 Kg8 34. Ra1 Ra5 35. Raf1 Re8 36. Qd2 Rd8 37. f4 exf4 38. Rxf4 f6 39. Rg4 Kf8 40. Rg6 Qe5 41. Rfxf6+ gxf6 42. Qxh6+ Ke7 43. Qg7+ Kd6 44. Qxb7 Qe7 45. Qc6+ Ke5 46. Rh6 Rg8 47. Rh7 Qd6 48. Qe8+ Rxe8 49. Rh5+ f5 50. Rxf5# 1-0

[Event "SWE-chT 2122 Elite"]
[Site "Sweden"]
[Date "2021.12.04"]
[Round "1.4"]
[White "Dragicevic, Drazen"]
[Black "Sumets, Andrey"]
[Result "0-1"]
[WhiteElo "2365"]
[BlackElo "2524"]
[PlyCount "76"]
[EventDate "2021.12.03"]
[EventType "team-tourn"]
[EventRounds "9"]
[EventCountry "SWE"]
[SourceTitle "EXT 2023"]
[Source "ChessBase"]
[SourceDate "2022.10.05"]
[SourceVersion "1"]
[SourceVersionDate "2022.10.05"]
[SourceQuality "1"]
[WhiteTeam "Lunds"]
[BlackTeam "Vaxjo"]
[WhiteTeamCountry "SWE"]
[BlackTeamCountry "SWE"]

1. Nf3 c5 2. c4 g6 3. d4 cxd4 4. Nxd4 Bg7 5. e4 Nc6 6. Be3 Nf6 7. Nc3 0-0 8. Be2 d6 9. 0-0 Bd7 10. f3 Nxd4 11. Bxd4 a5 12. Qd2 Bc6 13. b3 Nd7 14. Be3 Nc5 15. Rab1 Be5 16. a3 e6 17. b4 axb4 18. axb4 Qf6 19. Nb5 Qh4 20. g3 Bxg3 21. Bd1 Nxe4 22. fxe4 Bxe4 23. Rb3 Be5 24. Nxd6 Rfd8 25. c5 Bd5 26. Rd3 Ra2 27. Rxd5 Bxh2+ 28. Kg2 Rxd2+ 29. Rxd2 Be5 30. Rf3 Qxb4 31. Nc4 Rxd2+ 32. Nxd2 h5 33. Bb3 Qg4+ 34. Kf2 h4 35. Nc4 Bg3+ 36. Ke2 h3 37. Nd6 h2 38. Nxf7 Qxf3+ 0-1

[Event "EU-Cup 36th"]
[Site "Struga"]
[Date "2021.09.21"]
[Round "4.3"]
[White "Dragicevic, Drazen"]
[Black "Lenaerts, Lennert"]
[Result "1/2-1/2"]
[WhiteElo "2344"]
[BlackElo "2358"]
[PlyCount "120"]
[EventDate "2021.09.18"]
[EventType "team-swiss"]
[EventRounds "7"]
[EventCountry "MKD"]
[SourceTitle "CBM 204 Extra"]
[Source "ChessBase"]
[SourceDate "2021.11.30"]
[SourceVersion "1"]
[SourceVersionDate "2021.11.30"]
[SourceQuality "1"]
[WhiteTeam "Lunds"]
[BlackTeam "Zuid Limburg"]
[WhiteTeamCountry "SWE"]
[BlackTeamCountry "NED"]

1. c4 e6 2. g3 Nf6 3. Bg2 d5 4. Nf3 Be7 5. 0-0 0-0 6. Qc2 d4 7. e3 c5 8. exd4 cxd4 9. d3 Nc6 10. Re1 Bd6 11. Bd2 a5 12. Na3 e5 13. Nb5 Bb8 14. a3 h6 15. b4 a4 16. c5 Re8 17. Nd6 Bxd6 18. cxd6 Qxd6 19. b5 Na7 20. Qxa4 Bd7 21. Qb4 Qxb4 22. Bxb4 Bxb5 23. Nxe5 Nc6 24. Nxc6 Rxe1+ 25. Rxe1 bxc6 26. Rc1 Bxd3 27. Rxc6 Rd8 28. Rd6 Rc8 29. h3 Rc1+ 30. Kh2 Rc4 31. Rc6 Rxc6 32. Bxc6 Ne4 33. Kg2 f5 34. a4 Kf7 35. a5 Ba6 36. f3 Nc3 37. Kf2 Ke6 38. Ke1 Ne2 39. Bf8 Kf7 40. Bc5 Ke6 41. Kd2 d3 42. Bf2 Kd6 43. Be8 Ke5 44. f4+ Kd5 45. Bg6 Ke4 46. g4 Kf3 47. Bxf5 Nxf4 48. Be3 Nxh3 49. Bxd3 Bc8 50. Be2+ Kg3 51. Kc3 Nf4 52. Bxf4+ Kxf4 53. Kd4 g6 54. Kc5 Kg5 55. Kc6 h5 56. gxh5 gxh5 57. Kc7 Bf5 58. a6 Be4 59. a7 h4 60. Ba6 h3 1/2-1/2